00650nam a2200193Ia 4500952013500000999001700135003000400152005001700156008004100173020001800214040000900232082001700241100003300258245005200291260004700343300001000390650001600400942004000416 00102ddc40708STATISTICSaMESbMEScSTAd2019-02-20g595.00l0o519.5 MUK/Mp36233r2019-02-20 00:00:00w2019-02-20yBKzGL21R3 c32372d32372OSt20200805122835.0190216s9999||||xx |||||||||||||| ||und|| a9788187134930 coclc a519.5bMUK/M aMukhopadhyay, Parimal 93954 0aMathematical Statistics /cParimal Mukhopadhyay bBooks And Allied Pvt Ltd,c2009.aKolkata: a1078p aMathematics cBK2ddch519.5iMUK/Mk519.5mMUK/M